1380 1211 1628 1216 1222 1898 1695 1214 1939 1077 1821 1553 1605 1075 1221 1034 1870 1062 1701 1036 1773 1162 1619 1539 1313 1346 1962 1023 1426 1158 1008 1248 1438 1375 1590 1061 1345 1830 1602 1521 1986 1048 1767 1513 1172 1840 1865 1058 1400 1442 1844 1353 1729 1153 1552 1244 1541 1484 1365 1502 1669 1718 1430 1837 1208 1821 1783 1241 1356 1841 1069 1445 1378 1920 1926 1281 1763 1128 1775 1023 1244 1035 1017 1538 1672 1281 1465 1352 1654 1587 1692 1175 1867 1647 1269 1624 1515 1541 1937 BCNSPRNW ULIB Ver.6.0+V

เปลี่ยนเป็นภาษาไทย

Change to English
 แสดงรายละเอียดบรรณานุกรม
  กลับหน้าหลัก

Brief Record : Get Marc (ISO 2709) : E-mail record : QR code < ปิดหน้าต่าง
LEADER : 00000nam 22003134a 4500
001    13399114522
003     ULIB
008    100204s2010 us a b 001 0 eng d
020    ^a9780763736248 (pbk.)
060 04 ^aWT115^bB531n
100 1  ^aBernstein, Melissa
245 10 ^aNutrition for the older adult /^cMelissa Bernstein, Ann
260    ^aSudbury, Mass. :^bJones and Bartlett Publishers,^cc2010
300    ^axi, 422 p. :^bill. ;^c26 cm.
500    ^aSend to Single Search
504    ^aIncludes bibliographical references and index
650  0 ^aOlder people^xNutrition
650  0 ^aDiet therapy for older people
650  2 ^aNutritional Physiological Phenomena
650  2 ^aAged
700 1  ^aLuggen, Ann Schmidt
945    ^p0^l0^i031630
995    ^a Kesorn
999 ^a ใช้งานได้ทุกระบบ
รายการนี้ยังไม่มีแท็ก
คุณยังไม่ได้ล็อกอิน คุณสามารถมีกิจกรรมร่วมกับเว็บไซต์ได้ แต่ต้องล็อกอินก่อน ::
  ล็อกอิน

รายการสื่อสารสนเทศ

ลำดับที่ ประเภท เลขเรียก/บาร์โค้ด สถานที่ สถานะ
- ไม่พบข้อมูล -

รายการใกล้เคียง
    หัวเรื่อง [Nutritional Physiological Phenomena]
    หัวเรื่อง [Aged]

BibComment


ยังไม่เคยถูกคอมเมนท์

คอมเมนท์ทรัพยากรรายการนี้
  คอมเมนท์: Nutrition for th..


 Copyright 2026. Bcnsprnw @Library